000 00766nam a22002057a 4500
005 20100812134852.0
010 _aENG-99956
020 _a9789380060125
_c190.00
035 _aEN-83488
037 _bDBAD/PUB
082 _a658.8
100 _aJagadeeswari, M.
_911752
245 _aModern marketing management :
_bfor B.com. B.Com C.A.,B,B,A.,M.COM,M.B.A., students of various universities and institutes /
_cby M. Jagadeeswari
260 _aSalem
_bM.S.K Publications
_c2009
270 _aSalem
_bSalem
300 _a240p.
_c19cm (pbk)
650 _aMarketing
_911753
942 _2ddc
_cEN
_h658.8
_mJAG
999 _c41346
_d41346